Ciudades en cuadrados en un mapa de España - Versión difícil - Estadísticas

Estadísticas generales
  • Esta prueba ha sido intentada 265 veces
    259 desde el último reinicio
  • La puntuación promedio es 43 de 68
Respuestas en el mapa
Las respuestas están codificadas por una escala verde-roja en el mapa de la prueba según el % correcto abajo.
 
Estadísticas de respuestas
Ciudad % Correcto
Madrid
92%
Palma de Mallorca
92%
Sevilla
92%
Barcelona
91%
Málaga
90%
Zaragoza
90%
Almería
89%
Bilbao
89%
Huelva
89%
Lugo
89%
Murcia
89%
Valencia
89%
Cáceres
88%
La Coruña
88%
Alicante
87%
Badajoz
87%
Gerona
87%
Granada
87%
Córdoba
86%
Oviedo
86%
Pamplona
86%
Toledo
86%
Castellón de la Plana
85%
León
85%
Salamanca
85%
Santander
85%
Albacete
84%
Orense
83%
Vigo
83%
Lérida
82%
Burgos
81%
Cuenca
81%
Gijón
81%
Valladolid
81%
Ciudad Real
79%
Soria
79%
Teruel
79%
Cartagena
76%
Ibiza
76%
Ávila
75%
Santa Cruz de Tenerife
75%
Vitoria
75%
Jerez de la Frontera
74%
Las Palmas de Gran Canaria
73%
Ponferrada
64%
Plasencia
48%
Ciudadela
45%
Arrecife
44%
Badalona
42%
Talavera de la Reina
42%
Vélez-Málaga
36%
Almendralejo
34%
Aranda de Duero
33%
Barbastro
24%
Tomelloso
24%
Puerto del Rosario
22%
Santa Eulalia del Río
22%
Alcudia
17%
Baza
16%
Valverde del Fresno
12%
Berga
11%
Los Llanos
9%
Pozoblanco
8%
Baztan
6%
San Vicente de Alcántara
5%
Breña Baja
3%
Capdepera
3%
Puebla de Vallbona
0%
No se encontraron pruebas coincidentes
Distribución de puntuación
Porcentaje de gente con cada puntuación
Porcentaje por número respondido
Historial de tus puntuaciones
No has intentado esta prueba desde el último reinicio